000 00664nam a2200265Ia 4500
005 20260121172801.0
008 008 260114s9999 xx 000 0 eng d
020 _a9783030884284
037 _aEBOOK
040 _aCRL
040 _beng
040 _cCRL
041 _2eng
041 _aeng
084 _qCRL
100 _aElisa Bertino, Haya Shulman, Michael Waidner
_91092682
245 0 _aComputer Security – ESORICS 2021
260 _bSpringer
260 _bSpringer
260 _c2021
856 _uhttps://link.springer.com/openurl?genre=book&isbn=978-3-030-88428-4
942 _cEBOOK
999 _c1658422
_d1658422